| 000 | 00637nam a22002057a 4500 | ||
|---|---|---|---|
| 003 | OSt | ||
| 005 | 20231004125952.0 | ||
| 008 | 231004b |||||||| |||| 00| 0 eng d | ||
| 020 | _a9789353944797 | ||
| 082 |
_a658.15 _bM72F |
||
| 100 | _aMoffett, Michael H. | ||
| 245 |
_aFundamentals of multinational finance _cby Michael H. Moffeit, Arthur I. Stonehill and David K. Eiteman |
||
| 250 | _a5th ed. | ||
| 260 |
_aNew Delhi _bPearson India Education Services Pvt. Ltd _c2020 |
||
| 300 | _a526 p. | ||
| 653 | _aFinancial Management | ||
| 700 |
_eAuthor _aStonehill, Arthur I. |
||
| 710 |
_eAuthor _aEiteman, David K. |
||
| 942 |
_2ddc _cBK |
||
| 999 |
_c26707 _d26707 |
||